[Event "Speed Chess (Women) Play In 1"]
[Site "Chess.com INT"]
[Date "2024.08.12"]
[Round "5"]
[White "Bristy, Mukherjee"]
[Black "Patel, Riddhi R"]
[Result "1-0"]
[WhiteElo "1945"]
[BlackElo "1767"]
[PlyCount "145"]
[EventDate "2024.08.12"]
[EventType "swiss (blitz)"]
[EventRounds "11"]
[EventCountry "USA"]
[SourceTitle "CBM 221 Extra"]
[Source "ChessBase"]
[SourceDate "2024.09.30"]
[SourceVersion "1"]
[SourceVersionDate "2024.09.30"]
[SourceQuality "1"]

1. d4 Nf6 2. Bg5 d6 3. e3 g6 4. Bxf6 exf6 5. Ne2 Bg7 6. Nf4 c6 7. h4 Qb6 8. b3 c5 9. Nd5 Qd8 10. Bb5+ Bd7 11. Nbc3 Qa5 12. Qd2 Na6 13. Bxa6 bxa6 14. dxc5 dxc5 15. Ne4 Qxd2+ 16. Kxd2 Bc6 17. Ndxf6+ Ke7 18. Rad1 Bxf6 19. Nxc5 Rad8+ 20. Ke2 Bxg2 21. Rhg1 Rxd1 22. Rxd1 Rd8 23. Rg1 Bc6 24. f3 Bxh4 25. Rh1 Bf6 26. Rxh7 Bc3 27. Nd3 Bb5 28. Rh4 Bxd3+ 29. cxd3 Bf6 30. Rc4 Kd6 31. f4 Rh8 32. e4 Be7 33. Ra4 Rh2+ 34. Ke3 Kc7 35. Rxa6 Bc5+ 36. Kf3 Rd2 37. Rf6 Rxd3+ 38. Kg4 Rd7 39. e5 Bf8 40. e6 fxe6 41. Rxf8 Rg7 42. Kg5 Kd6 43. Rd8+ Kc5 44. Kf6 Rc7 45. Kxe6 Rc6+ 46. Ke5 Rc7 47. Rg8 Rc6 48. Rg7 Ra6 49. a4 Kb4 50. Rb7+ Ka3 51. Ke4 Ra5 52. Kf3 Ra6 53. Kg4 Rb6 54. Rxa7 Rxb3 55. Kg5 Rb6 56. a5 Rc6 57. Rb7 Ka4 58. Rb6 Rc5+ 59. Kxg6 Rxa5 60. f5 Re5 61. f6 Ka5 62. Rb1 Re2 63. Rf1 Rg2+ 64. Kh5 Rh2+ 65. Kg6 Rg2+ 66. Kh7 Rh2+ 67. Kg8 Rg2+ 68. Kf8 Kb6 69. f7 Kc7 70. Ke7 Re2+ 71. Kf6 Kd7 72. f8Q Rg2 73. Rd1+ 1-0

[Event "Speed Chess (Women) Play In 1"]
[Site "Chess.com INT"]
[Date "2024.08.12"]
[Round "4"]
[White "Ilyuchyk, Yana"]
[Black "Patel, Riddhi R"]
[Result "0-1"]
[WhiteElo "2141"]
[BlackElo "1767"]
[PlyCount "50"]
[EventDate "2024.08.12"]
[EventType "swiss (blitz)"]
[EventRounds "11"]
[EventCountry "USA"]
[SourceTitle "CBM 221 Extra"]
[Source "ChessBase"]
[SourceDate "2024.09.30"]
[SourceVersion "1"]
[SourceVersionDate "2024.09.30"]
[SourceQuality "1"]

1. e4 c5 2. Nf3 d6 3. d4 cxd4 4. Nxd4 Nf6 5. Nc3 g6 6. Be2 Bg7 7. Be3 Nc6 8. Qd2 0-0 9. 0-0-0 d5 10. Nxc6 bxc6 11. exd5 cxd5 12. Nxd5 Nxd5 13. Qxd5 Qc7 14. Qc5 Qb7 15. Qa3 Bf5 16. Bf3 Qc7 17. Qc5 Qxc5 18. Bxc5 Rac8 19. b4 a5 20. a3 axb4 21. axb4 Bc3 22. g4 Ra8 23. Bxa8 Rxa8 24. Rd8+ Rxd8 25. gxf5 Ra8 0-1

[Event "Speed Chess (Women) Play In 1"]
[Site "Chess.com INT"]
[Date "2024.08.12"]
[Round "10"]
[White "Patel, Riddhi R"]
[Black "Porozhniak, Maya"]
[Result "0-1"]
[WhiteElo "1767"]
[BlackElo "1939"]
[PlyCount "88"]
[EventDate "2024.08.12"]
[EventType "swiss (blitz)"]
[EventRounds "11"]
[EventCountry "USA"]
[SourceTitle "CBM 221 Extra"]
[Source "ChessBase"]
[SourceDate "2024.09.30"]
[SourceVersion "1"]
[SourceVersionDate "2024.09.30"]
[SourceQuality "1"]

1. e4 c5 2. Nf3 e6 3. d4 cxd4 4. Nxd4 a6 5. Nc3 Qc7 6. Be3 Bb4 7. Qd2 Nf6 8. f3 d5 9. exd5 Nxd5 10. Nde2 Nxe3 11. Qxe3 0-0 12. 0-0-0 Nc6 13. Ne4 Be7 14. g4 Nb4 15. N2c3 b5 16. h4 Bb7 17. g5 Rac8 18. a3 Nd5 19. Qd2 Nxc3 20. Nxc3 Bxa3 21. Bd3 Qxc3 22. Qxc3 Rxc3 23. Kb1 Rxd3 24. Rxd3 Bc5 25. Rf1 Bd5 26. Rc3 Bd4 27. Rc7 g6 28. f4 Bb6 29. Rd7 Rc8 30. Rd1 Be4 31. R1d2 a5 32. Re7 Bc5 33. Red7 Kg7 34. Re2 Bf5 35. Rb7 b4 36. Rd2 Be4 37. Rbd7 b3 38. Re2 bxc2+ 39. Kc1 Bf5 40. Rb7 Bd6 41. Rf2 Rc4 42. Rd7 Bxf4+ 43. Rxf4 Rxf4 44. Ra7 Rf1+ 0-1

[Event "Chess.com Speed Play In"]
[Site "Chess.com INT"]
[Date "2024.06.27"]
[Round "4"]
[White "Anupam, M Sreekumar"]
[Black "Patel, Riddhi R"]
[Result "1-0"]
[WhiteElo "1872"]
[BlackElo "1767"]
[PlyCount "113"]
[EventDate "2024.06.27"]
[EventType "swiss (blitz)"]
[EventRounds "11"]
[EventCountry "USA"]
[SourceTitle "CBM 220 Extra"]
[Source "ChessBase"]
[SourceDate "2024.07.31"]
[SourceVersion "1"]
[SourceVersionDate "2024.07.31"]
[SourceQuality "1"]

1. Nf3 Nf6 2. g3 g6 3. Bg2 Bg7 4. 0-0 0-0 5. d3 d6 6. Nbd2 e5 7. e4 Bg4 8. c3 Qc8 9. Re1 Bh3 10. Bh1 c6 11. Qc2 Nbd7 12. Nf1 d5 13. Ng5 Bxf1 14. Rxf1 h6 15. Nf3 dxe4 16. dxe4 Nc5 17. Nh4 Rd8 18. Be3 Ne6 19. Rad1 Rxd1 20. Rxd1 Qc7 21. Qd2 Rd8 22. Qc1 Rxd1+ 23. Qxd1 b6 24. Qd2 Kh7 25. Bf3 Nd7 26. Ng2 Ndc5 27. b4 Nd7 28. Ne1 c5 29. b5 c4 30. Nc2 Ndc5 31. Nb4 Qc8 32. Qd5 Nc7 33. Qxf7 Nd3 34. Qxc4 Nxb4 35. Qxb4 Qd8 36. Qc4 Ne8 37. Qd5 Qc7 38. c4 Nf6 39. Qe6 Qd8 40. Kg2 Qd7 41. Qxd7 Nxd7 42. Bg4 Nb8 43. Be6 g5 44. Kf3 Kg6 45. Kg4 Bf8 46. Bf5+ Kf6 47. h4 gxh4 48. Kxh4 Bg7 49. Kh5 a6 50. Bxh6 Bxh6 51. Kxh6 axb5 52. cxb5 Ke7 53. g4 Kf8 54. g5 Kg8 55. g6 Kf8 56. g7+ Kg8 57. Be6# 1-0

[Event "Titled Tuesday intern op 22nd Feb Early"]
[Site "Chess.com INT"]
[Date "2022.02.22"]
[Round "3"]
[White "Patel, Riddhi R"]
[Black "Singh, Ojasva"]
[Result "0-1"]
[WhiteElo "1620"]
[BlackElo "2141"]
[PlyCount "50"]
[EventDate "2022.02.22"]
[EventType "swiss (blitz)"]
[EventRounds "11"]
[EventCountry "USA"]
[SourceTitle "CBM 207 Extra"]
[Source "ChessBase"]
[SourceDate "2022.05.31"]
[SourceVersion "1"]
[SourceVersionDate "2022.05.31"]
[SourceQuality "1"]

1. e4 e5 2. d4 exd4 3. c3 d5 4. cxd4 dxe4 5. Nc3 Nf6 6. Bg5 Be7 7. Nge2 0-0 8. Qd2 Ng4 9. Bxe7 Qxe7 10. h3 e3 11. fxe3 Nxe3 12. Nd1 Nc4 13. Qc2 Nd6 14. Ndc3 Bf5 15. Qd2 Nc4 16. Nd5 Qd6 17. Qc3 Qxd5 18. Nf4 Qe4+ 19. Be2 Ne3 20. Rf1 Nxf1 21. Kxf1 Qxf4+ 22. Kg1 Nc6 23. d5 Qd4+ 24. Qxd4 Nxd4 25. Rc1 Nxe2+ 0-1

[Event "Eastern Asia-ch U14 Girls"]
[Site "Tornelo INT"]
[Date "2021.10.24"]
[Round "7"]
[White "Patel, Riddhi R"]
[Black "Rajarajeshwari, Yogesh Deshmukh"]
[Result "1-0"]
[WhiteElo "1377"]
[BlackElo "1235"]
[PlyCount "95"]
[EventDate "2021.10.22"]
[EventType "swiss"]
[EventRounds "9"]
[EventCountry "NET"]
[SourceTitle "EXT 2023"]
[Source "ChessBase"]
[SourceDate "2022.10.05"]
[SourceVersion "1"]
[SourceVersionDate "2022.10.05"]
[SourceQuality "1"]

1. e4 d5 2. exd5 Qxd5 3. Nc3 Qa5 4. Rb1 c6 5. b4 Qc7 6. Nf3 Bf5 7. d4 e6 8. Bd3 Bxd3 9. Qxd3 Bd6 10. 0-0 Nf6 11. b5 0-0 12. Bg5 Nbd7 13. Rfd1 a6 14. b6 Nxb6 15. Bxf6 gxf6 16. Ne4 Nd7 17. c4 f5 18. Neg5 Nf6 19. Qe2 Bf4 20. Nh3 Bh6 21. Ne5 Bg7 22. Nf4 Ne4 23. Nfd3 Nc3 24. Qh5 f6 25. Nf3 Nxd1 26. Rxd1 Qf7 27. Qh3 Qg6 28. Nf4 Qf7 29. d5 cxd5 30. cxd5 Rfd8 31. Nh4 Rac8 32. Re1 e5 33. Ne6 Rxd5 34. Nxf5 Bf8 35. Qg4+ Qg6 36. Qe4 Rd7 37. h4 Kf7 38. Nxf8 Kxf8 39. Re3 Qf7 40. Rg3 Rd1+ 41. Kh2 Rcc1 42. Qb4+ Ke8 43. Nd6+ Kd7 44. Rd3 Rh1+ 45. Kg3 Qg7+ 46. Kf3 Ke6 47. Qb3+ Ke7 48. Nf5+ 1-0

[Event "Titled Tuesday intern op 17th Aug"]
[Site "Chess.com INT"]
[Date "2021.08.17"]
[Round "6"]
[White "Li, Hui"]
[Black "Patel, Riddhi R"]
[Result "1-0"]
[WhiteElo "1967"]
[BlackElo "1620"]
[PlyCount "105"]
[EventDate "2021.08.17"]
[EventType "swiss (blitz)"]
[EventRounds "11"]
[EventCountry "USA"]
[SourceTitle "EXT 2022"]
[Source "ChessBase"]
[SourceDate "2021.10.06"]
[SourceVersion "1"]
[SourceVersionDate "2021.10.06"]
[SourceQuality "1"]

1. e4 c5 2. Nf3 d6 3. d4 cxd4 4. Nxd4 Nf6 5. Nc3 g6 6. Be3 Bg7 7. f3 0-0 8. Qd2 Nc6 9. 0-0-0 Nxd4 10. Bxd4 Be6 11. g4 Qa5 12. Kb1 Rfc8 13. a3 b5 14. Nd5 Qxd2 15. Rxd2 Bxd5 16. exd5 Bh6 17. Rd1 Nxd5 18. Bxb5 a6 19. Ba4 Rab8 20. Bb3 Nf4 21. Be3 a5 22. h4 a4 23. Bxa4 Bg7 24. Bxf4 Rxb2+ 25. Kc1 Bc3 26. Rd3 Ra2 27. Kd1 Ra1+ 28. Bc1 Bb2 29. Kd2 Be5 30. Rd1 Bf4+ 31. Ke2 Bxc1 32. Bb3 Bb2 33. Rxa1 Bxa1 34. a4 Ra8 35. g5 h6 36. h5 hxg5 37. hxg6 Kg7 38. gxf7 e6 39. Rd1 Kxf7 40. Rxa1 d5 41. a5 d4 42. a6 d3+ 43. Kxd3 Rd8+ 44. Ke2 Ra8 45. Bc4 Ra7 46. Bd3 Ke7 47. Rb1 Kf6 48. Rb7 Ra8 49. a7 g4 50. Be4 gxf3+ 51. Bxf3 Kf5 52. Rf7+ Ke5 53. Bxa8 1-0

[Event "World Cup U16 Girls Prel"]
[Site "Tornelo INT"]
[Date "2021.08.06"]
[Round "8"]
[White "Kuznetsova, Marina"]
[Black "Patel, Riddhi R"]
[Result "0-1"]
[WhiteElo "1964"]
[BlackElo "1620"]
[PlyCount "70"]
[EventDate "2021.08.06"]
[EventType "swiss (rapid)"]
[EventRounds "10"]
[EventCountry "NET"]
[SourceTitle "EXT 2025"]
[Source "ChessBase"]
[SourceDate "2024.10.14"]
[SourceVersion "1"]
[SourceVersionDate "2024.10.14"]
[SourceQuality "1"]

1. e4 c5 2. Nf3 d6 3. Bb5+ Bd7 4. c4 a6 5. Bxd7+ Nxd7 6. 0-0 Ngf6 7. Nc3 g6 8. d4 cxd4 9. Nxd4 Bg7 10. Be3 0-0 11. f3 Rc8 12. Qb3 Ne5 13. Qxb7 Nxc4 14. Bf2 Re8 15. Qxa6 Nxb2 16. Nd5 Nxd5 17. exd5 Qd7 18. Qe2 Na4 19. Rac1 Nc3 20. Qa6 Nxd5 21. Nc6 Bh6 22. Rc2 Rc7 23. Qb5 Ne3 24. Bxe3 Bxe3+ 25. Kh1 Bc5 26. a4 Qxc6 27. Qc4 Qd7 28. a5 Rec8 29. Qa2 Qb5 30. Rb1 Qa6 31. Rcb2 Bd4 32. Rb8 Kg7 33. Rxc8 Rxc8 34. h3 Be5 35. Rb4 Rc1# 0-1

[Event "World Cup U16 Girls Prel"]
[Site "Tornelo INT"]
[Date "2021.08.06"]
[Round "7"]
[White "Patel, Riddhi R"]
[Black "Gayle, Kaity"]
[Result "1-0"]
[WhiteElo "1620"]
[BlackElo "1220"]
[PlyCount "49"]
[EventDate "2021.08.06"]
[EventType "swiss (rapid)"]
[EventRounds "10"]
[EventCountry "NET"]
[SourceTitle "EXT 2025"]
[Source "ChessBase"]
[SourceDate "2024.10.14"]
[SourceVersion "1"]
[SourceVersionDate "2024.10.14"]
[SourceQuality "1"]

1. e4 e5 2. d4 exd4 3. c3 dxc3 4. Bc4 d6 5. Nf3 Be7 6. Qb3 cxb2 7. Bxb2 Nf6 8. Bxf7+ Kf8 9. Nbd2 Nc6 10. Bd5 Rb8 11. Bxc6 Bg4 12. Ng5 Bh5 13. Ne6+ Kg8 14. Nxd8+ Kf8 15. Ne6+ Kg8 16. Nxc7+ Kf8 17. 0-0 Rc8 18. Qxb7 Kf7 19. Bxf6 gxf6 20. Bd5+ Kg6 21. f4 Kg7 22. f5 Rhe8 23. Ne6+ Kh8 24. Rac1 Rxc1 25. Rxc1 1-0